[Event "Mumbai Wealth op 3rd"]
[Site "Mumbai"]
[Date "2018.01.03"]
[Round "5"]
[White "Avinash, Ramesh"]
[Black "Aan, Sikka"]
[Result "1/2-1/2"]
[WhiteElo "1501"]
[BlackElo "1910"]
[PlyCount "114"]
[EventDate "2017.12.30"]
[EventType "swiss"]
[EventRounds "9"]
[EventCountry "IND"]
[SourceTitle "CBM 182 Extra"]
[Source "ChessBase"]
[SourceDate "2018.02.23"]
[SourceVersion "1"]
[SourceVersionDate "2018.02.23"]
[SourceQuality "1"]

1. e4 c5 2. Nf3 g6 3. d4 cxd4 4. Nxd4 Bg7 5. Nc3 Nc6 6. Be3 Nf6 7. Bc4 Qa5 8. 0-0 0-0 9. Bb3 d6 10. h3 Bd7 11. f4 Nxd4 12. Bxd4 Bc6 13. Qd3 Nd7 14. Bxg7 Kxg7 15. Kh1 Qc5 16. Rad1 Rad8 17. Qg3 b5 18. a3 a5 19. f5 Nf6 20. fxg6 hxg6 21. Rde1 Qe5 22. Qe3 e6 23. Kg1 b4 24. axb4 axb4 25. Na2 Rb8 26. Rf4 g5 27. Rff1 Nxe4 28. Nc1 Qc5 29. Nd3 Qxe3+ 30. Rxe3 Nd2 31. Rf2 Nxb3 32. cxb3 e5 33. Rg3 f6 34. Rc2 Bd5 35. Rd2 Be6 36. h4 Kh6 37. hxg5+ fxg5 38. Re3 Bf5 39. Nf2 Rf6 40. Rf3 Kg6 41. g4 Be6 42. Rxf6+ Kxf6 43. Rxd6 Ke7 44. Rd3 Rd8 45. Rxd8 Kxd8 46. Nd3 e4 47. Nc5 Bxg4 48. Nxe4 Be6 49. Nxg5 Bxb3 50. Kf2 Kc7 51. Ke3 Kb6 52. Kd4 Kb5 53. Ne4 Bg8 54. Nc5 Bh7 55. b3 Bg8 56. Nd3 Bxb3 57. Nxb4 Kxb4 1/2-1/2

[Event "Mumbai Wealth op U13"]
[Site "Mumbai"]
[Date "2016.02.02"]
[Round "6"]
[White "Shah, Jeet"]
[Black "Aan, Sikka"]
[Result "0-1"]
[WhiteElo "1545"]
[BlackElo "1678"]
[PlyCount "82"]
[EventDate "2016.01.28"]
[EventType "swiss"]
[EventRounds "9"]
[EventCountry "IND"]
[SourceTitle "CBM 170 Extra"]
[Source "ChessBase"]
[SourceDate "2016.02.25"]
[SourceVersion "1"]
[SourceVersionDate "2016.02.25"]
[SourceQuality "1"]

1. e4 c5 2. Nf3 g6 3. d4 cxd4 4. Qxd4 Nf6 5. e5 Nc6 6. Qa4 Nd5 7. Qe4 Nc7 8. Nc3 Bg7 9. Bc4 b6 10. Ng5 Nxe5 11. Qxe5 Bxe5 12. Nxf7 Ba6 13. Nxd8 Bxc4 14. Nb7 Ba6 15. Nc5 bxc5 16. Ne4 Ne6 17. c3 d5 18. Nd2 Nf4 19. Rg1 Nd3+ 20. Kd1 Nxf2+ 21. Ke1 Nd3+ 22. Kd1 Bxh2 23. Rf1 Nxc1 24. Rxc1 Bxf1 25. Nxf1 Bd6 26. Nd2 0-0 27. Nf3 e5 28. Ke2 e4 29. Ng1 d4 30. Nh3 g5 31. cxd4 cxd4 32. Rc6 Bf4 33. Nf2 d3+ 34. Kd1 Rac8 35. Rc3 Rxc3 36. bxc3 Rb8 37. Ke1 Rb1+ 38. Nd1 e3 39. g4 e2 40. Kf2 exd1Q 41. Kg2 Qf1# 0-1

[Event "Mumbai Wealth op U13"]
[Site "Mumbai"]
[Date "2016.02.01"]
[Round "5"]
[White "Aan, Sikka"]
[Black "Kadakia, Veer"]
[Result "1-0"]
[WhiteElo "1678"]
[BlackElo "1368"]
[PlyCount "131"]
[EventDate "2016.01.28"]
[EventType "swiss"]
[EventRounds "9"]
[EventCountry "IND"]
[SourceTitle "CBM 170 Extra"]
[Source "ChessBase"]
[SourceDate "2016.02.25"]
[SourceVersion "1"]
[SourceVersionDate "2016.02.25"]
[SourceQuality "1"]

1. e4 d5 2. exd5 Qxd5 3. Nc3 Qa5 4. d4 Nf6 5. Nf3 Bg4 6. Bd2 e6 7. Bc4 c6 8. h3 Bh5 9. 0-0 Bd6 10. a3 Qc7 11. Bd3 0-0 12. Ne4 Nxe4 13. Bxe4 Bg6 14. Bxg6 hxg6 15. Be3 Nd7 16. c4 c5 17. dxc5 Bxc5 18. Bxc5 Nxc5 19. Qc2 Rac8 20. Rfd1 Rfd8 21. Rxd8+ Rxd8 22. Rd1 Rxd1+ 23. Qxd1 Qd7 24. Qxd7 Nxd7 25. Kf1 Kf8 26. Ke2 Ke7 27. Kd3 Kd6 28. Nd2 Ke5 29. b4 b6 30. Ne4 a6 31. Ke3 g5 32. Nxg5 Kf6 33. Ne4+ Ke5 34. g4 g5 35. Nxg5 Kf6 36. Ne4+ Kg6 37. Nd6 f5 38. gxf5+ exf5 39. Kf4 a5 40. Nxf5 axb4 41. axb4 Kf6 42. Ne3 Ke6 43. h4 Kd6 44. Kf5 Nf8 45. h5 Nd7 46. h6 Nf8 47. Kf6 Kc6 48. Kf7 Nd7 49. h7 Ne5+ 50. Kf6 Nd7+ 51. Ke7 Ne5 52. Ke6 Ng6 53. Kf6 Nh8 54. Kg7 b5 55. Kxh8 bxc4 56. Nxc4 Kb5 57. Kg8 Kxc4 58. h8Q Kxb4 59. f4 Kc5 60. f5 Kd6 61. f6 Ke6 62. f7 Ke7 63. f8Q+ Ke6 64. Qhf6+ Kd5 65. Q8d6+ Ke4 66. Qff4# 1-0

[Event "Mumbai Wealth op"]
[Site "Mumbai"]
[Date "2016.01.30"]
[Round "3"]
[White "Aan, Sikka"]
[Black "Deshmukh, Anup"]
[Result "0-1"]
[WhiteElo "1678"]
[BlackElo "2225"]
[PlyCount "56"]
[EventDate "2016.01.28"]
[EventType "swiss"]
[EventRounds "9"]
[EventCountry "IND"]
[SourceTitle "CBM 170 Extra"]
[Source "ChessBase"]
[SourceDate "2016.02.25"]
[SourceVersion "1"]
[SourceVersionDate "2016.02.25"]
[SourceQuality "1"]

1. e4 e5 2. Nf3 Nc6 3. Bc4 Nf6 4. d3 Be7 5. c3 0-0 6. Bb3 d5 7. exd5 Nxd5 8. h3 Bf5 9. Bc2 Bg6 10. 0-0 f5 11. Re1 Bf6 12. Nbd2 Nb6 13. a4 a5 14. Nb3 Qd6 15. Be3 Nd7 16. Nbd2 Rfe8 17. Nc4 Qf8 18. Bb3 Kh8 19. Na3 f4 20. Bc1 Nc5 21. Bc4 Rad8 22. d4 exd4 23. Rxe8 Qxe8 24. cxd4 Nxd4 25. Bxf4 Nc2 26. Qc1 Nxa1 27. Qxa1 Qxa4 28. Nd2 b5 0-1